Guess the City of Germany by Picture - Statistics

General Stats
  • This quiz has been taken 116 times
  • The average score is 8 of 18
Answer Stats
Picture Answer % Correct
Berlin
99%
Frankfurt
88%
Cologne
87%
Munich
74%
Hamburg
72%
Potsdam
43%
Freiburg im Breisgau
40%
Bremen
39%
Dresden
39%
Stuttgart
37%
Dusseldorf
32%
Leipzig
28%
Bonn
25%
Essen
22%
Nuremburg
22%
Hannover
20%
Dortmund
15%
Bielefeld
8%
No matching quizzes found
Score Distribution
Percent of People with Each Score
Percentile by Number Answered
Your Score History
You have not taken this quiz